Нанесение покрытий с упрочняющей обработкой на цилиндрические поверхности; Новые процессы и оборудование для газотермического и вакуумного покрытия

書誌詳細
Parent link:Новые процессы и оборудование для газотермического и вакуумного покрытия.— 1990.— С. 32-39
その他の著者: Панин В. Е. Виктор Евгеньевич, Ковалевский Е. А., Клименов В. А. Василий Александрович, Безбородов В. П. Валерий Павлович, Назаренко В. И., Поляков С. А.
要約:Рассмотрены принципиальные основы использования УЗ-нагружения в процессе формирования газотермического покрытия, его влияние на триботехнические характеристики и структуру покрытий. Представлены результаты исследований свойств плазменных покрытий, полученных с использованием УЗ-нагружения, в приложении к коленчатым валам двигателей сельхозтехники
言語:ロシア語
出版事項: 1990
主題:
フォーマット: MixedMaterials 図書の章
KOHA link:https://koha.lib.tpu.ru/cgi-bin/koha/opac-detail.pl?biblionumber=204216

MARC

LEADER 00000naa2a2200000 4500
001 204216
005 20240212143550.0
035 |a (RuTPU)RU\TPU\book\222573 
090 |a 204216 
100 |a 20111121d1990 k y0rusy50 ca 
101 0 |a rus 
102 |a UA 
200 1 |a Нанесение покрытий с упрочняющей обработкой на цилиндрические поверхности  |f В. Е. Панин [и др.] 
320 |a Библиогр.: 12 назв. 
330 |a Рассмотрены принципиальные основы использования УЗ-нагружения в процессе формирования газотермического покрытия, его влияние на триботехнические характеристики и структуру покрытий. Представлены результаты исследований свойств плазменных покрытий, полученных с использованием УЗ-нагружения, в приложении к коленчатым валам двигателей сельхозтехники 
463 1 |0 (RuTPU)RU\TPU\book\222463  |y 5-7702-0117-7  |t Новые процессы и оборудование для газотермического и вакуумного покрытия  |o сборник научных трудов  |f Академия наук Украинской ССР (АН УССР), Институт электросварки им. Е. О. Патона (ИЭС) ; под ред. К. А. Ющенко  |v С. 32-39  |d 1990  |p 146 с. 
610 1 |a труды учёных ТПУ 
701 1 |a Панин  |b В. Е.  |c специалист в области физики и механики деформируемого твердого тела, физического материаловедения  |c доктор физико-математических наук, профессор Томского политехнического университета  |c зав. кафедрой материаловедения в машиностроении  |c директор Российского материаловедческого центра  |c научный руководитель института физики прочности и материаловедения СО РАН  |f 1930-  |g Виктор Евгеньевич  |3 (RuTPU)RU\TPU\pers\12102 
701 1 |a Ковалевский  |b Е. А. 
701 1 |a Клименов  |b В. А.  |c специалист в области неразрушающего контроля  |c профессор Томского политехнического университета, доктор технических наук  |c проректор-директор Института неразрушающего контроля Томского политехнического университета  |f 1951-  |g Василий Александрович  |3 (RuTPU)RU\TPU\pers\27985  |9 12975 
701 1 |a Безбородов  |b В. П.  |c специалист в области материаловедения  |c доцент Томского политехнического университета, кандидат технических наук  |f 1955-  |g Валерий Павлович  |3 (RuTPU)RU\TPU\pers\26495 
701 1 |a Назаренко  |b В. И. 
701 1 |a Поляков  |b С. А. 
801 1 |a RU  |b 63413507  |c 20111121 
801 2 |a RU  |b 63413507  |c 20130610  |g RCR 
942 |c BK